000 00541nam a2200169Ia 4500
008 090201s9999 xx 000 0 und d
010 _aKPL-73862
040 _bमराठी
041 _aमराठी
082 _a54357
_b73862
100 _a ठाकूर दिलीप
245 _aझिंग (रामबाग)
_c ठाकूर दिलीप
260 _c2007
_bश्रीकल्प प्रकाशन
300 _a176
_bमध्यम
600 _aझिंग (रामबाग)
942 _cBOOK
999 _c250697
_d250697